Los grandes viajes a lo desconocido /
Guardado en:
| Autor Principal: | |
|---|---|
| Formato: | Libro |
| Idioma: | Spanish |
| Publicado: |
Buenos Aires :
El Ateneo,
1960.
|
| Etiquetas: |
Agregar Etiqueta
Sin Etiquetas, Sea el primero en etiquetar este registro!
|
| LEADER | 00447nam a22001455a 4500 | ||
|---|---|---|---|
| 001 | EUN.um047804 | ||
| 003 | AR-BaUNS | ||
| 005 | 20050623122916.0 | ||
| 008 | 041125s1960####ag#a##########000#0#spa#d | ||
| 245 | 1 | 4 | |a Los grandes viajes a lo desconocido / |c Ernesto Samhaber. |
| 260 | |a Buenos Aires : |b El Ateneo, |c 1960. | ||
| 300 | |a 596 p. : |b ilus. ; |c 19,5 cm. | ||
| 100 | 1 | |a Samhaber, Ernesto. | |
| 082 | 0 | 4 | |a 910 |
| 859 | |a Ar-BaUNS |b BIB. CENTRAL - Sector C |h 910 |i Sa45 |p 2712/961 | ||
